Peachmonk A Serio-Comic Detective Tale in Which No Fire-Arms Are Used and No One is Killed

Saved in:
Bibliographic Details
Main Author: Eyerman, John
Format: Electronic eBook
Language:English
Published: Project Gutenberg, 2012
Series:Project Gutenberg 40253
Online Access:http://www.gutenberg.org/etext/40253
Rights
Tags: Add Tag
No Tags, Be the first to tag this record!
Call Number :

MARC

LEADER 00000cam a22000003a 4500
001 57711
003 MY-KLNDU
005 20241219015633.0
008 210402s2012||||xxu|||||s|||||000 | eng d
035 |a (PGUSA)40253 
039 9 |y 202104021403  |z VLOAD 
040 |a PGUSA  |b eng 
042 |a dc 
100 1 |a Eyerman, John 
245 1 0 |a Peachmonk A Serio-Comic Detective Tale in Which No Fire-Arms Are Used and No One is Killed  |h [electronic resource] /  |c by John Eyerman 
260 |b Project Gutenberg,  |c 2012 
500 |a Project Gutenberg 
506 |a Freely available. 
516 |a Electronic text 
599 |a Dummy Record 
830 0 |a Project Gutenberg  |v 40253 
856 4 0 |u http://www.gutenberg.org/etext/40253 
856 4 2 |u http://www.gutenberg.org/license  |3 Rights 
999 |a vtls000069278  |c 57711  |d 57711